000 01073nam a2200361 a 4500
001 22797
003 SK-KTurca
005 20260428072444.0
008 031105s2003 xo acg g rd 000 0 slo c
020 _a8055105766 (viaz.)
035 _aUKB000331782
040 _aBA001
_bslo
_cBA001
_eAACR2
041 1 _aslo
_hger
044 _axo
_cSK
080 _a159.924
080 _a159.923
080 _a159.922.7
080 _a159.9.072
100 1 _aKrafft, Thomas von
_d1966-
245 0 0 _aTesty nadania
_c[Thomas von Krafft, Edwin Semke ; z nemeckého originálu preložila Alexandra Olejárová]
260 _aBratislava
_bIkar
_c2003
300 _a134 s.
_bil., portr
504 _aBibliogr. s. 130-131
650 0 7 _anadanie
_xdeti nadané
_xtesty psychologické
653 _a159.924
653 _a159.923
653 _a159.922.7
653 _a159.9.072
700 1 _aSemke, Edwin
_d1959-
_4aut
700 1 _aOlejárová, Alexandra
_4trl
765 0 _t<<Der>> grosse Begabungstest
_aKrafft, Thomas von, 1966-
_aSemke, Edwin, 1959-
942 _2ddc
_cOLDE
_n0
999 _c22797
_d22797